Niche NBA Nicknames - Statistics

General Stats
  • This quiz has been taken 41 times
    37 since last reset
  • The average score is 4 of 15
Answer Stats
Nickname Player % Correct
Slow-Mo Kyle Anderson
77%
Swipa De'Aaron Fox
71%
Uncle Jeff Jeff Green
66%
Timelord Robert Williams
60%
Splash Mountain Brook Lopez
57%
Don't Google Evan Fournier
29%
Blue Arrow Jamal Murray
14%
Red Velvet Kevin Huerter
9%
Mook Marcus Morris
9%
Black Falcon Harrison Barnes
6%
"Mr. 50" Aaron Gordon
3%
Big Penguin Andre Drummond
3%
The Hobbit Eric Gordon
3%
Bubs JJ Redick
3%
Mr. June Reggie Jackson
0%
No matching quizzes found
Score Distribution
Percent of People with Each Score
Percentile by Number Answered
Your Score History
You have not taken this quiz since the last reset